000 00786nam a2200241 a 4500
001 BRCA_7071
005 20190320205713.0
008 220611s1912----fr-a######---#000-0#fre-#
041 _afre
044 _afr
050 4 _aPQ2216
_b.T5 1912
100 1 _aDaudet, Alphonse
_d1840-1897
_915254
245 1 0 _aTartarin sur les Alpes
_bnouveaux exploits du héros tarasconnais
_cillustré par Aranda, de Beaumont, Montenard, de Myrbach, Rossi
260 _aParís
_bE. Flammarion
_c[1912]
300 _a365 p.
_bil.
_c19 cm.
440 0 _aCollection Guillaume
_915597
500 _aSecuela de ´Tartarín de Tarascón´
500 _aEstado físico: lomo, cubiertas y algunas páginas rotos.
500 _aO40
650 1 4 _aLiteratura francesa
_917583
902 _aGFM
942 _2lcc
_cB
999 _c6752
_d6752